000 00467 a2200181 4500
005 20260213163031.0
008 260206b |||||||| |||| 00| 0 eng d
020 _a9789395975742
_cRs. 1250.00
040 _aMAIN
082 _a323
_bM687H
100 _aMishra, Sabita
245 _aHuman rights and society
260 _b Sarup ,Book Publishers
_c2024
_a New Delhi
300 _aix, 227
650 _aPolitical Science
650 _aHuman Rights
942 _cBK
999 _c394557
_d394557